|
|
|
|
| LEADER |
01836nam a2200457 a 4500 |
| 001 |
EBC1154330 |
| 003 |
MiAaPQ |
| 005 |
20200520144314.0 |
| 006 |
m o d | |
| 007 |
cr cn||||||||| |
| 008 |
121004s2013 nyua sb 001 0 eng d |
| 010 |
|
|
|z 2012038150
|
| 020 |
|
|
|z 9780415521741 (hb)
|
| 020 |
|
|
|a 9780203559406 (electronic bk.)
|
| 035 |
|
|
|a (MiAaPQ)EBC1154330
|
| 035 |
|
|
|a (Au-PeEL)EBL1154330
|
| 035 |
|
|
|a (CaPaEBR)ebr10676540
|
| 035 |
|
|
|a (CaONFJC)MIL463227
|
| 035 |
|
|
|a (OCoLC)831117904
|
| 040 |
|
|
|a MiAaPQ
|c MiAaPQ
|d MiAaPQ
|
| 043 |
|
|
|a a-io---
|a f-cg---
|
| 050 |
|
4 |
|a HC955
|b .C657 2013
|
| 082 |
0 |
4 |
|a 330.9598/022
|2 23
|
| 245 |
0 |
0 |
|a Colonial exploitation and economic development
|h [electronic resource] :
|b the Belgian Congo and the Netherlands Indies compared /
|c edited by Ewout Frankema and Frans Buelens.
|
| 260 |
|
|
|a New York :
|b Routledge,
|c 2013.
|
| 300 |
|
|
|a xix, 296 p. :
|b ill.
|
| 490 |
1 |
|
|a Routledge explorations in economic history ;
|v 64
|
| 504 |
|
|
|a Includes bibliographical references and index.
|
| 533 |
|
|
|a Electronic reproduction. Ann Arbor, MI : ProQuest, 2015. Available via World Wide Web. Access may be limited to ProQuest affiliated libraries.
|
| 651 |
|
0 |
|a Congo (Democratic Republic)
|x Economic conditions.
|
| 651 |
|
0 |
|a Congo (Democratic Republic)
|x Economic policy.
|
| 651 |
|
0 |
|a Congo (Democratic Republic)
|x Colonial influence.
|
| 651 |
|
0 |
|a Indonesia
|x Economic conditions.
|
| 651 |
|
0 |
|a Indonesia
|x Economic policy.
|
| 651 |
|
0 |
|a Indonesia
|x Colonial influence.
|
| 655 |
|
4 |
|a Electronic books.
|
| 700 |
1 |
|
|a Frankema, Ewout.
|
| 700 |
1 |
|
|a Buelens, Frans,
|d 1951-
|
| 710 |
2 |
|
|a ProQuest (Firm)
|
| 830 |
|
0 |
|a Routledge explorations in economic history ;
|v 64.
|
| 856 |
4 |
0 |
|u https://ebookcentral.proquest.com/lib/matrademy/detail.action?docID=1154330
|z Click to View
|